| 000 | 00760cam a2200265 a 4500 | ||
|---|---|---|---|
| 001 | 3337783 | ||
| 003 | ASAB | ||
| 005 | 20180827062635.0 | ||
| 008 | 850401s1985 ilu 001 0 eng | ||
| 010 | _a 85136636 | ||
| 020 | _a978-93-83101-55-9 | ||
| 040 |
_aDLC _cASAB _dDLC |
||
| 050 | 0 | 0 |
_aRS403 _b.D57 1985 |
| 082 | 0 | 0 |
_a615/.19 _219 |
| 100 | 1 |
_aBarneston Ansley _91846 |
|
| 245 | 1 | 0 |
_aInorganic pharmaceutical chemistry / _cBarneston Ansley |
| 260 |
_aJaipur delhi _bagrotech press |
||
| 300 |
_axiii, 272 p. : _bll. ; _c24 cm. |
||
| 500 | _aIncludes index. | ||
| 650 | 0 |
_aPharmaceutical chemistry. _91847 |
|
| 650 | 0 |
_aChemistry, Inorganic. _91848 |
|
| 700 | 1 |
_aMedwick, Thomas. _91849 |
|
| 700 | 1 |
_aBailey, Leonard C. _91850 |
|
| 942 |
_2ddc _cBK |
||
| 999 |
_c480104 _d480104 |
||